000 01120nam a22002177a 4500
003 OSt
005 20260122192047.0
008 230226b ||||| |||| 00| 0 eng d
040 _cOst
041 _ashan
082 _a375
100 _aၸိုၼ်ႈၵွၼ်းလႆး (ၸႆးမၼ်ၼွၵ်)
_920665
245 _aဢဝ်လႆးမိုဝ်လိဝ်ႁိၺ်းလိၵ်တႆးမိုဝ်ၼႆႉ (မသံတုဝ်)
_cၸိုၼ်ၵွၼ်းလႆး (ၸႆးမၼ်ၼွၵ်)
260 _aတႃႈၵုင်ႈ
_bပလႄးၸႃႇပေႇတၢႆႉ
_c1968
300 _a80 ၼႃႈ
_bႁၢင်ႈ
_c18 ၸိၼ်ႇထီႇ
500 _aS-SAT: Dr. Prof Sai Aung Tun
500 _aဢဝ်လိၵ်ႈတႆးၵဝ်ႇတႅမ်ႈဝႆႉ၊ ပဵၼ်ပပ်ႉၶွင်တွၵ်ႉတိူဝ်ႇၸၢႆးဢွင်ႇထုၼ်း၊ ပဵၼ်ပပ်ႉၸဝ်ႈတႃႇၼႁင်းၶေႃ
650 _aပပ်ႉၵၢၼ်ႁဵၼ်း
_97196
942 _cBK1
942 _2ddc
999 _c22486
_d22486